2026 top trios college basketball - Statistics

General Stats
  • This quiz has been taken 50 times
  • The average score is 7 of 15
Answer Stats
Hint Answer % Correct
Texas tech Anderson, watts, toppin
93%
unc Trimble, vessarr, wilson
70%
purdue smith, tkr, loyer
50%
Michigan st fears, Kohler, Carr
48%
iowa st Jefferson, Momcilovic, lipsey
48%
michigan lendeborg, Johnson, mara
48%
arizona Peat, Bradley, burries
48%
uconn karaban, ball, reed
40%
Byu sanders, Dybantsa, Wright
38%
duke boozer, Evans, Ngongba
35%
Nebraska sandfort, mast, Hoiberg
35%
Illinois Wagler, Boswell, stojakovic
33%
Gonzaga Huff, Ike, Grant-foster
30%
Houston Flemings, sharp, tugler
28%
Arkansas Acuff, Thomas, brazile
23%
No matching quizzes found
Score Distribution
Percent of People with Each Score
Percentile by Number Answered
Your Score History
You have not taken this quiz